00610nam a2200193Ia 450000500170000000800410001702000210005808200130007910000170009224501170010925000090022626000250023530000130026065000130027365000140028694200060030095200950030699900150040120240603003743.0240331s9999 xx 000 0 und d a9789551927004342 bKODa342 aKodikara,S.U 0aDomestic politics and developmacy :ba study of linkage politics in Indo Sri Lanka relationcShelton. U.Kodikara a1 st aColombobBMICHc2008 a258 P., aDomestic aPolitical cL 001040708LaWERCLbWERCLcSSCd2024-03-31l0o 342 KODp6616r2024-03-31w2024-03-31yL c5388d5388